• 首页
  • 本馆介绍
  • 公告通知
  • 最新文献
  • 馆藏检索
  • 电子资源
  • 读者导购
  • 参考咨询
  • 我的图书馆
  • 登录
  • 详细信息显示
  • 放入我的书架
  • 预约/预借图书
  • 作者相关作品
  • 分类相关作品
  • 丛书相关作品
  • 出版社相关作品

书目信息

  • 表格格式
  • 工作单格式
  • 卡片格式
题名:
上海小刀会起义史料汇编
    
 
作者: 上海科学院历史研究所 编
分册:  
出版信息: 上海   上海人民出版社  1980.7
页数: 1250页
开本: 20cm
丛书名:
单 册:
中图分类: K254.42
科图分类:
主题词: 中国--历史--1840~1949
电子资源:
ISBN:
000 00653nam0 2200205 45
001 0312221749
005 20031222171240.3
010    @dCNY5.30
100    @a20031222d1980 km y0chiy0120 ea
101    @achi
105    @a z 000yy
200 1  @a上海小刀会起义史料汇编@AShang Hai Xiao Dao Hui Qi Yi Shi Liao Hui Bian@f上海科学院历史研究所编@FShang Hai Ke Xue Yuan Li Shi Yan Jiu Suo Bian
205    @a2
210    @a上海@c上海人民出版社@d1980.7
215    @a1250页@d20cm
606 0  @a中国@x历史@z1840~1949
690    @aK254.42@v3
701 0  @a上海科学院历史研究所@4编
801    @aCN@bTSTCL@c20031222
905    @a213230@dK254.42@e18@b106603@f1
    
    上海小刀会起义史料汇编/上海科学院历史研究所编.-2.-上海:上海人民出版社,1980.7
    1250页;20cm
    
    
    ISBN :CNY5.30
    
●
相关链接 在E读中查询图书 在五车中查询图书 在当当中查询图书 在豆瓣中查询图书


正题名:上海小刀会起义史料汇编     索取号:K254.42/18         预约/预借

序号 登录号 条形码 馆藏地/架位号 状态 备注
1 0106603   001285692   第二样本阅览室/ [索取号:K254.42/18] 在馆    
唐山师范学院图书馆 欢迎您!
大连网信软件有限公司© 版权所有